| 000 | 00876nam0a22002411 4500 | ||
|---|---|---|---|
| 001 | rc\39292 | ||
| 005 | 20021216124502.1 | ||
| 035 | _a(NLR Aleph) 005321686 | ||
| 090 |
_a6495257 _c6495257 |
||
| 100 | _a20021216d1993 u |0rusy50 ca | ||
| 101 | 0 | _arus | |
| 102 | _aRU | ||
| 105 | _aa ||||||||| | ||
| 200 | 1 |
_aОчистка дымовых газов ТЭС от оксидов азота _eУчеб. пособие по курсу "Охрана природы от вред. выбросов ТЭС и АЭС" _fМоск. энерг. ин-т |
|
| 210 |
_aМ. _cИзд-во МЭИ _d1993 |
||
| 215 |
_a21, [2] с. _cил. _d20 |
||
| 320 | _aБиблиогр.: с. 22 (6 назв.) | ||
| 700 | 1 |
_aБелосельский _bБ. С. _gБорис Сергеевич |
|
| 801 | 0 |
_aRU _bNLR _gpsbo |
|
| 801 | 1 |
_aRU _bELAR _2rusmarc |
|
| 852 |
_aNLR _j93-4/2495 |
||
| 942 | _cBOOK | ||
| 980 | _aNB | ||